| 000 | 00765nam a22002057a 4500 | ||
|---|---|---|---|
| 999 |
_c19343 _d19343 |
||
| 003 | AR-CdUCM | ||
| 008 | 190517b ||||| |||| 00| 0 spa d | ||
| 040 |
_aMUNICIPALIDAD PROVINCIAL DEL CUSCO _cBIBLIOTECA MUNICIPAL DEL CUSCO |
||
| 082 |
_a980.05 / _bA48 |
||
| 100 |
_aAmbía, Abel Adrián _91452 |
||
| 245 |
_aEl ayllu en el Perú actual : _bvigencia de sus normas tradicionales / |
||
| 260 | _bPukara, | ||
| 300 |
_a174 páginas : _c36 cm. |
||
| 505 | _aContenido: Razones justificativas de convivencia humana -- Fenomenología del derecho consuetudinario -- El derecho consuetudinario en Amaru... | ||
| 650 |
_aDerecho naturales _940627 |
||
| 650 |
_aConsuetudinario _940628 |
||
| 650 |
_aAyllus _932106 |
||
| 942 |
_2ddc _cLIBROS |
||
| 945 |
_adavv _d2019-05-17 |
||